000 00738nam a2200253Ia 4500
003 OSt
005 20220923214155.0
006 a|||||r|||| 00| 0
007 ta
008 220922b |||||||| |||| 00| 0 hin d
024 _a167,645
037 _cTextual
040 _aARTS
_cARTS
_bhin
041 _2hin
_ahin
082 _aO152,1K73x, J0
100 _aदेव, संपा.
245 0 _aरत्नावली, किंकर
246 _aRatnāvalī, kiankara
260 _c1950
490 _aआलोक पुस्तकमाला; 9
650 _aहिन्दी साहित्य
_9156264
942 _hO152,1K73x, J0
_cTEXL
_2CC
999 _c322115
_d322115